LEADER 01686nam a2200349 u 4500 001 000000067009 003 CaOOAMICUS 005 20070226121635.0 008 020131m19091910fr u000 u fre u 035 $a10918672 040 $aPUL(R)$bita 100 1 $aFillion, Louis Claude.$0(OLS)http://pul/name/24488 245 14$aLes miracles de Notre-Seigneur Jésus-Christ /$fpar L. Cl. Fillion. 246 34$aLes miracles de N.S. Jésus-Christ 250 $a4. éd. 260 $aParis :$bP. Lethielleux,$c[1910] 300 $a2 v. ;$c20 cm 504 $aBibliografia in nota. 505 0 $av. 1. Etude d'ensemble -- v. 2. Les miracles de Jésus étudies isolément. 600 04$aIesus Christus$xMiracoli.$0(OLS)http://pul/subject/8561 850 $aPUL 852 $aPUL$W1$xDP1 Fondo Cecchetti$y53$m266 E 10-11$j86670$nBK-PRI$b $qFondi$B86670$CPULBib$Z2$F86670 $HPUL1601-1602 $81 852 $aPUL$W1$xDP1 Fondo Cecchetti$y53$m266 E 10-11$j86670$nBK-PRI$b $qFondi$B86671$CPULBib$Z2$F86671 $HPUL1601-1602 $81 852 $aPUL$W1$xDP2 Religione 1$y63$m62 B 29$j145341$nBK-PRI$qStampati$B86668$CPULBib$Z2$F86668 $82 852 $aPUL$W1$xDP2 Religione 1$y63$m62 B 30$j145342$nBK-PRI$qStampati$B86669$CPULBib$Z2$F86669 $82 941 1 $a8 941 1 $a1 961 $aINV: 24959 (v.2), 24960 (v.1) 961 $aINV: 24959 (v.2), 24960 (v.1) 996 $6245$aLes miracles de Notre-Seigneur Jésus-Christ /$fpar L. Cl. Fillion$9(OLS)http://pul/title/88905 996 $6246$aLes miracles de N.S. Jésus-Christ$9(OLS)http://pul/title/88906 996 $6260$aParis :$bP. Lethielleux$9(OLS)http://pul/publisher/48225 LEADER 01747nam a2200373 a 4500 001 000000092538 003 CaOOAMICUS 005 20140613110211.0 008 060623m19921993gw u000 u ger r 020 $a3170103067(v.1) 020 $a3170103075(v.2) 035 $a11093743 040 $aPUL$bita 100 1 $aKrämer, Peter.$0(OLS)http://pul/name/42630 245 10$aKirchenrecht /$cPeter Krämer. 260 $aStüttgart :$bKohlhammer,$cc1992-1993. 300 $a2 v. ;$c21 cm 490 1 $aKohlhammer Studienbücher Theologie ;$v24,1-2 505 0 $av. 1. Wort, Sakrament, Charisma. -- v. 2. Ortskirche, Gesamtkirche. 650 4$aDiritto canonico.$0(OLS)http://pul/subject/1294 740 02$aWort, Sakrament, Charisma. 830 0$aKohlhammer Studienbücher Theologie ;$v24,1-2.$0(OLS)http://pul/title/58311 850 $aPUL 852 $aPUL$W1$xSL Religione 3$y85$m230. 05 COLL 1.24-2$j129316$nBK-PRI$qDDC 21$B116383$CPULBib$Z2$F116383 $H100311- $82 852 $aPUL$W1$xSL Religione 3$y85$m230. 05 COLL 1.24-1$j129317$nBK-PRI$qDDC 21$B116382$CPULBib$Z2$F116382 $H100311- $82 852 $aPUL$W1$xDP2 Diritto Canonico 3$y99$m262. 9 KRAPE 1$j160265$av. 1, 2. copia$qDDC 21$B159713$CPULBib$Z2$F159713 $H91101 $83 941 1 $a9 961 $aDono del prof. B. Ferme. 996 $6020$a3170103067(v.1)$9(OLS)http://pul/number/121595 996 $6020$a3170103075(v.2)$9(OLS)http://pul/number/121596 996 $6245$aKirchenrecht$9(OLS)http://pul/title/119419 996 $6740$aWort, Sakrament, Charisma$9(OLS)http://pul/title/175774 996 $6260$aStüttgart :$bKohlhammer$9(OLS)http://pul/publisher/50537